Man of the Match Winners - FIFA World Cup 2022 - Statistics

General Stats
  • This quiz has been taken 505 times
  • The average score is 23 of 54
Answer Stats
Answer % Correct
Lionel Messi
99%
Kylian Mbappe
96%
Luka Modric
91%
Neymar
84%
Harry Kane
82%
Cristiano Ronaldo
72%
Olivier Giroud
68%
Christian Pulisic
65%
Yassine Bounou
65%
Gareth Bale
64%
Cody Gakpo
63%
Goncalo Ramos
63%
Robert Lewandowski
63%
Bukayo Saka
61%
Achraf Hakimi
60%
Richarlison
60%
Antoine Griezmann
59%
Bruno Fernandes
59%
Enner Valencia
57%
Dominik Livakovic
56%
Marcus Rashford
53%
Frenkie de Jong
49%
Gavi
49%
Josko Gvardiol
48%
Hakim Ziyech
46%
Kai Havertz
45%
Guillermo Ochoa
44%
Kevin De Bruyne
44%
Alexis MacAllister
43%
Kalidou Koulibaly
42%
Alvaro Morata
41%
Vincent Aboubakar
40%
Granit Xhaka
36%
Denzel Dumfries
34%
Federico Valverde
33%
Casemiro
31%
Andrej Kramaric
30%
Boulaye Dia
28%
Wahbi Khazri
27%
Mohammed Kudus
22%
Hwang Hee-chan
18%
Luis Chávez
18%
Yann Sommer
18%
Mathew Leckie
17%
Giorgian de Arrascaeta
15%
Davy Klaasen
14%
Mitchell Duke
14%
Keysher Fuller
9%
Mohammed Al-Owais
9%
Ao Tanaka
7%
Rouzbeh Cheshmi
7%
Shuichi Gonda
6%
Aissa Laidouni
3%
Devis Epassy
3%
No matching quizzes found
Score Distribution
Percent of People with Each Score
Percentile by Number Answered
Your Score History
You have not taken this quiz